000 00455nam a2200169Ia 4500
005 20250923144513.0
008 008 250917s9999 xx 000 0 eng d
037 _aTextual
040 _aDSWL
_beng
_cDSWL
041 _aeng
_2eng
084 _qDSWL
245 0 _aProfessor Ghurye felicitation Volume
_cEd.by K.M. Ed. Kapadia
260 _aBombay
_bPopular Book Depot
_c1954
300 _axiv,284p.
942 _cTEXL
999 _c1439740
_d1439740